Especies en peligro/ (Record no. 4303)
[ view plain ]
| 000 -LEADER | |
|---|---|
| campo de control de longitud fija | 00720nam a2200229 4500 |
| 003 - IDENTIFICADOR DE NÚMERO DE CONTROL | |
| campo de control | OSt |
| 005 - FECHA Y HORA DE LA ÚLTIMA TRANSACCIÓN | |
| campo de control | 20230907135805.0 |
| 006 - CÓDIGOS DE INFORMACIÓN DE LONGITUD FIJA--CARACTERÍSTICAS DEL MATERIAL ADICIONAL | |
| campo de control de longitud fija | k|||||r|||| 00| zz |
| 008 - DATOS DE LONGITUD FIJA--INFORMACIÓN GENERAL | |
| campo de control de longitud fija | 708 R549v |
| 040 ## - FUENTE DE CATALOGACIÓN | |
| Centro/agencia transcriptor | Lado V |
| 082 ## - NÚMERO DE LA CLASIFICACIÓN DECIMAL DEWEY | |
| Número de clasificación | 750 |
| Número de ítem | J32e |
| 100 ## - ENTRADA PRINCIPAL--NOMBRE DE PERSONA | |
| 9 (RLIN) | 1042 |
| Nombre de persona | McClellan, Douglas |
| 245 ## - MENCIÓN DEL TÍTULO | |
| Título | Especies en peligro/ |
| 246 ## - FORMA VARIANTE DEL TITULO | |
| Título propio/Titulo breve | Endangered Species/ |
| 260 ## - PUBLICACIÓN, DISTRIBUCIÓN, ETC. | |
| Nombre del editor, distribuidor, etc. | Museo de arte y Diseño Contemporaneo |
| Lugar de publicación, distribución, etc. | Costa Rica |
| Fecha de publicación, distribución, etc. | 1999 |
| 300 ## - DESCRIPCIÓN FÍSICA | |
| Extensión | 5p. |
| Dimensiones | 21x19cm |
| 650 ## - PUNTO DE ACCESO ADICIONAL DE MATERIA--TÉRMINO DE MATERIA | |
| Fuente del encabezamiento o término | Tesauro de Arte & Arquitectura |
| Término de materia o nombre geográfico como elemento de entrada | ARTE |
| 9 (RLIN) | 702 |
| 650 ## - PUNTO DE ACCESO ADICIONAL DE MATERIA--TÉRMINO DE MATERIA | |
| Fuente del encabezamiento o término | Tesauro de Arte & Arquitectura |
| Término de materia o nombre geográfico como elemento de entrada | TEORÍA |
| 9 (RLIN) | 702 |
| 650 ## - PUNTO DE ACCESO ADICIONAL DE MATERIA--TÉRMINO DE MATERIA | |
| Fuente del encabezamiento o término | Tesauro de Arte & Arquitectura |
| Término de materia o nombre geográfico como elemento de entrada | PINTURA |
| 650 ## - PUNTO DE ACCESO ADICIONAL DE MATERIA--TÉRMINO DE MATERIA | |
| Fuente del encabezamiento o término | Tesauro de Arte & Arquitectura |
| Término de materia o nombre geográfico como elemento de entrada | ARTE CONTEMPORANEO |
| 942 ## - ELEMENTOS DE ENTRADA SECUNDARIOS (KOHA) | |
| Fuente del sistema de clasificación o colocación | Clasificación Decimal Dewey |
| Tipo de ítem Koha | Libros |
| Parte de la signatura que corresponde a la clasificación (Parte de la clasificación) | 750 |
| Parte de la signatura que identifica el ejemplar (Parte del ítem) | J32e |
| Suprimir en OPAC | No |
| Estatus retirado | Estado de pérdida | Fuente del sistema de clasificación o colocación | Especificación de materiales (volumen encuadernado u otra parte) | Estado de daño | No para préstamo | Colección | Biblioteca de origen | Biblioteca actual | Fecha de adquisición | Número de inventario | Total de préstamos | Signatura topográfica completa | Código de barras | Visto por última vez | Precio de reemplazo | Tipo de ítem Koha |
|---|---|---|---|---|---|---|---|---|---|---|---|---|---|---|---|---|
| Clasificación Decimal Dewey | 1999 | Libros | Biblioteca LadoV | Biblioteca LadoV | 07/09/2023 | 002207 | 750 J32e | 002207 | 07/09/2023 | 07/09/2023 | Libros |
